Objects first with Java : a practical introduction using BlueJ (Record no. 41903)

MARC details
000 -LEADER
fixed length control field 00473nam a2200193Ia 4500
020 ## - INTERNATIONAL STANDARD BOOK NUMBER
ISBN 9780137005628
050 ## - CALL MARK
Classification number QA 76.64 .B385/
100 ## - STATEMENT OF RESPONSIBILITY--MAIN AUTHOR NAME
Personal name Barnes, David J.
245 #0 - TITLE STATEMENT
Title Objects first with Java : a practical introduction using BlueJ
250 ## - EDITION / VOLUME STATEMENT
Edition / Volume statement 4th ed.
260 ## - PUBLICATION, DISTRIBUTION, ETC. (IMPRINT)
Place of publication Harlow
260 ## - PUBLICATION, DISTRIBUTION, ETC. (IMPRINT)
Name of publisher Prentice Hall
260 ## - PUBLICATION, DISTRIBUTION, ETC. (IMPRINT)
Year of publication 2009
300 ## - PHYSICAL DESCRIPTION
Number of Pages 516 p
650 ## - SUBJECT ADDED ENTRY--TOPICAL TERM
Topical Term Harlow
942 ## - ADDED ENTRY ELEMENTS (KOHA)
Koha item type Books
Holdings
Withdrawn status Lost status Source of classification or shelving scheme Damaged status Not for loan Permanent Location Current Location Shelving location Date acquired Accession Number Price effective from Koha item type
    Library of Congress Classification     NILE UNIVERSITY OF NIGERIA - MAIN LIBRARY NILE UNIVERSITY OF NIGERIA - MAIN LIBRARY Items on shelf 06/03/2025 0007197 06/03/2025 Books
    Library of Congress Classification     NILE UNIVERSITY OF NIGERIA - MAIN LIBRARY NILE UNIVERSITY OF NIGERIA - MAIN LIBRARY Items on shelf 06/03/2025 0007198 06/03/2025 Books